000 01384nam0a22003011 4500
001 rc\3424514
005 20130115141322.1
021 _aRU
_b[69-69905]
035 _a(NLR Aleph) 007583428
090 _a5532444
_c5532444
100 _a20130115d1969 |||y0rusy50 ca
101 0 _arus
102 _aRU
105 _aa z |||||
200 1 _aРазработка нефтяных и газовых месторождений Азербайджана
_e[Сборник статей
_fРедколлегия: С.М. Кулиев и др.]
_gАН АзССР. Ин-т проблем глубинных нефтегазовых месторождений
210 _aБаку
_cИзд-во АН АзССР
_d1969
215 _a168 с.
_cчерт.
_d22
300 _aРезюме статей на англ. яз.
320 _aБиблиогр. в конце статей
606 _aГазы природные, горючие
_xДобыча
_jСборники
_2psbo
606 _aНефтедобыча
_jСборники
_2psbo
702 1 _aКулиев
_bС. М. оглы
_gСафтар Мехти оглы
_4340
712 0 2 _aИнститут проблем глубинных нефтегазовых месторождений
_cБаку
_3RU\NLR\AUTH\8810013226
801 0 _aRU
_bNLR
_gpsbo
801 1 _aRU
_bELAR
_2rusmarc
852 _aNLR
_j69-5/4141
942 _cBOOK
980 _aNB